Statystyki dla Wyrazy zakończone na -wodna

Kliknij tutaj aby rozwiązać quiz!

Ogólne statystyki

  • Ten quiz został rozwiązany 70 razy
  • Średni wynik to 5 z 59

Statystyki odpowiedzi

HintOdpowiedź% Poprawnych
5-literowewodna
84%
8-literowepodwodna
70%
7-literowenawodna
59%
7-literowezawodna
56%
8-literowenadwodna
43%
7-literowedowodna
34%
10-literoweniezawodna
33%
9-literoweprzywodna
30%
8-literoweniewodna
25%
8-literowebezwodna
10%
11-literowenienadwodna
8%
10-literowenienawodna
8%
11-literoweniepodwodna
8%
11-literowesłodkowodna
8%
10-literowesłonowodna
8%
9-literoweśródwodna
8%
10-literoweniedowodna
7%
12-literowenieprzywodna
7%
11-literoweciepłowodna
3%
8-literowedwuwodna
3%
10-literowezimnowodna
3%
11-literoweniebezwodna
2%
11-literoweniepółwodna
2%
8-literowepółwodna
2%
15-literowedziesięciowodna
0%
12-literowegłębokowodna
0%
10-literowejednowodna
0%
11-literowemotorowodna
0%
14-literowenieciepłowodna
0%
11-literoweniedwuwodna
0%
15-literoweniegłębokowodna
0%
13-literoweniejednowodna
0%
14-literoweniemotorowodna
0%
13-literowenieniskowodna
0%
13-literoweniepełnowodna
0%
14-literoweniepięciowodna
0%
14-literoweniepłytkowodna
0%
14-literoweniepodsięwodna
0%
15-literoweniesiedmiowodna
0%
14-literoweniesłodkowodna
0%
13-literoweniesłonowodna
0%
12-literowenieśródwodna
0%
14-literoweniestrugowodna
0%
15-literoweniesześciowodna
0%
10-literowenietuwodna
0%
14-literoweniewysokowodna
0%
14-literowenieziemnowodna
0%
13-literoweniezimnowodna
0%
10-literoweniskowodna
0%
10-literowepełnowodna
0%
11-literowepięciowodna
0%
11-literowepłytkowodna
0%
11-literowepodsięwodna
0%
12-literowesiedmiowodna
0%
11-literowestrugowodna
0%
12-literowesześciowodna
0%
7-literowetuwodna
0%
11-literowewysokowodna
0%
11-literoweziemnowodna
0%

Rozkład punktacji

Percentyl według liczby udzielonych odpowiedzi

Procent ludzi z każdym wynikiem

Twoja historia wyników

Nie rozwiązałeś tego quizu